000 00644nam a2200253Ia 4500
001 AUWbook002995
003 BDCtgAUW
005 20260406155254.0
008 220908s9999 xx 000 0 eng d
020 _a9993364754
040 _aBDCtgAUW
_cBDCtgAUW
050 _aPR9570.N43R38
100 1 _aRayamajhi, Sangita.
245 0 _aAll mothers are working mothers :
_bplay /
260 _aKathmandu :
_bAcross Publications,
_c2005.
300 _a43 pages.
650 0 _aEnglish literature.
650 0 _aEnglish literature
_zNepal.
_980514
650 0 _aPlay.
887 _a BRAC
_22982
888 _22982
942 _cBK
_01
945 _cBK
999 _c18430
_d18430